00817nam a2200241Ia 4500001000600000003000900006008004100015040001300056040001300069041001300082100001600095100002900111245007700140245005300217250001100270260001000281260001300291260004900304300005600353500009300409650004200502650003100544B3460IT-RoPAU130308s9999 xx 000 0 und d aIT-RoPAU cIT-RoPAU aFRANCESE aKahn Gisele gCodice Aut. SPICS: 37633 aUn manuel pour l'enseignement du francais aux militaires indigenes, 1927 bPublics Specifiques et Communication Specialisee a1a ed. aPARIS bHachette c1990 [1° Ed.:1990 - Ed.Ling.Originale:1990] a"7 p. (prefazione: no ; testo: 7 [pagine: 97-103])" aManuale per L'Insegnamento del Francese Ai militari Indigeni. Organizzazione Pedagogica. aPEDAGOGIA DELLA COMUNICAZIONE SOCIALE eCodice materia Spics: 3804